Aplikácia Baldrige business modelu na vybraných podnikateľských subjektoch

Podnikateľské modely a hodnotenie výkonnosti organizácie. Podstata a špecifikácia Baldrige business modelu. Aplikácia tohto modelu na dvoch vybraných podnikateľských subjektoch USA, Nestlé Purina Pet Care Company (NPPC) a PricewaterhouseCoopers (PwC).

Na minha lista:
Detalhes bibliográficos
Autor principal: Zorkóciová, Otília, 1954-
Outros Autores: Škodová, Lenka
Formato: Capítulo de Livro
Idioma:eslovaco
Assuntos:
Tags: Adicionar Tag
Sem tags, seja o primeiro a adicionar uma tag!

MARC

LEADER 00000naa a2200000 4500
001 0229579
005 20240502073758.6
041 0 |a slo 
044 |a SK 
245 1 0 |a Aplikácia Baldrige business modelu na vybraných podnikateľských subjektoch  |c Otília Zorkóciová, Lenka Škodová 
520 |a Podnikateľské modely a hodnotenie výkonnosti organizácie. Podstata a špecifikácia Baldrige business modelu. Aplikácia tohto modelu na dvoch vybraných podnikateľských subjektoch USA, Nestlé Purina Pet Care Company (NPPC) a PricewaterhouseCoopers (PwC). 
610 2 0 |a manažment znalostný 
610 2 0 |a riadenie kvality 
610 2 0 |a meranie výkonnosti 
610 2 0 |a modely organizácie 
610 2 0 |a efektívnosť inovácií 
610 2 0 |a konkurencieschopnosť 
100 1 |a Zorkóciová, Otília, 1954- 
700 1 |a Škodová, Lenka